00410nam a2200157Ia 4500001000500000005001700005008004100022041000800063082001500071100002500086245008800111260000900199300002800208650000800236654000800244931120260306161709.0260306t2021||||xx |||||||||||||| ||spa|| aESP a378.1bH65 aHoevel, Carlos,eAUT 0aLa industria académica :bla universidad bajo el imperio de la tecnocracia global c2021 a365 páginas :c20 cm. aGEN aCED